| 000 | 00967cam a2200277 i 4500 | ||
|---|---|---|---|
| 001 | 21597349 | ||
| 003 | OSt | ||
| 005 | 20250618094835.0 | ||
| 008 | 200701t20202020enkad 001 0 eng d | ||
| 020 | _a9780128178669 (paperback) | ||
| 040 |
_aYDX _beng _cNUST _erda _dNUST |
||
| 050 | 0 | 0 | _aHG4529 BRU |
| 100 | 1 |
_aBruce, Brian R., _eauthor. |
|
| 245 | 1 | 0 |
_aStudent-managed investment funds : _borganization, policy, and portfolio management / _cBrian Bruce, |
| 250 | _aSecond edition. | ||
| 260 |
_aUnited Kingdom: _bAcademic Press, _c©2020. |
||
| 300 |
_axxiii, 578 pages : _billustrations, charts ; _c24 cm |
||
| 336 |
_atext _btxt _2rdacontent |
||
| 337 |
_aunmediated _bn _2rdamedia |
||
| 338 |
_avolume _bnc _2rdacarrier |
||
| 504 | _aIncludes Appendix and Index | ||
| 650 | 0 | _aPortfolio management. | |
| 650 | 6 | _aGestion de portefeuille. | |
| 650 | 7 |
_aPortfolio management. _2fast |
|
| 942 |
_2lcc _n0 _cBOOKS _eSecond Edition _hHG4529.BRU _kHG _mBRU |
||
| 999 |
_c171977 _d171977 |
||